|
|
|
|
| LEADER |
00000nam2a2200000 4500 |
| 001 |
180335 |
| 005 |
20231101223534.0 |
| 035 |
|
|
|a (RuTPU)RU\TPU\book\195487
|
| 090 |
|
|
|a 180335
|
| 100 |
|
|
|a 20100514d1981 k y0rusy50 ca
|
| 101 |
0 |
|
|a rus
|
| 102 |
|
|
|a RU
|
| 105 |
|
|
|a a z 001zb
|
| 200 |
0 |
|
|a Т. 6 : Термоэмиссионные преобразователи
|f П. П. Щербинин
|g под ред. Б. К. Петрина
|
| 210 |
|
|
|d 1981
|
| 215 |
|
|
|a 115 с.
|c ил.
|
| 320 |
|
|
|a Библиогр.: с. 98-112
|
| 461 |
|
1 |
|0 (RuTPU)RU\TPU\book\277394
|x 0202-8174
|t Генераторы прямого преобразования тепловой и химической энергии в электрическую
|f Академия наук СССР (АН СССР), Всесоюзный институт научной и технической информации (ВИНИТИ)
|v Т. 6 : Термоэмиссионные преобразователи
|d 1974-1989
|s Генераторы прямого преобразования тепловой и химической энергии в электрическую
|
| 606 |
1 |
|
|a Генераторы термоэлектрические
|2 stltpush
|3 (RuTPU)RU\TPU\subj\5854
|9 33842
|
| 606 |
|
|
|a Электрическая энергия
|x Источники химические
|2 stltpush
|3 (RuTPU)RU\TPU\subj\26882
|9 50716
|
| 610 |
1 |
|
|a термоэмиссионные преобразователи
|
| 610 |
1 |
|
|a плазма
|
| 610 |
1 |
|
|a потери
|
| 610 |
1 |
|
|a снижение
|
| 610 |
1 |
|
|a электроды
|
| 610 |
1 |
|
|a межэлектродные промежутки
|
| 610 |
1 |
|
|a испытания
|
| 675 |
|
|
|a 621.362
|v 3
|
| 675 |
|
|
|a 621.351
|v 3
|
| 700 |
|
1 |
|a Щербинин
|b П. П.
|
| 702 |
|
1 |
|a Петрин
|b Б. К.
|4 340
|
| 801 |
|
1 |
|a RU
|b 63413507
|c 20100514
|
| 801 |
|
2 |
|a RU
|b 63413507
|c 20210929
|g RCR
|
| 942 |
|
|
|c BK
|